| 000 | 00986nam a22003017a 4500 | ||
|---|---|---|---|
| 001 | 000575 | ||
| 003 | DO-SdBNP | ||
| 005 | 20180122104534.0 | ||
| 007 | 000575 | ||
| 008 | 161020b 1992 sp a ||||| |||| 00| 0 spa d | ||
| 020 | _a8421618008 | ||
| 040 |
_aBPMSU _bspa _cBPMSU |
||
| 082 |
_axxxx _bxxxx |
||
| 100 | 1 |
_aPáez, Enrique, _d1955- |
|
| 245 | 1 | 0 |
_aDevuélveme el anillo, pelo cepillo / _cEnrique Páez ; lustración, Alicia Cañas Cortázar ; taller de lectura Marisa Fresno y Enrique Páez. |
| 250 | _a8ª ed. | ||
| 260 |
_aMadrid : _bBruño, _c1998. |
||
| 300 |
_a137 p. : _bil. ; _c19 cm. |
||
| 490 | 1 |
_aAlta mar. Misterio _v51 |
|
| 500 | _aIncluye datos del autor. | ||
| 586 | _a"Premio Lazarillo 1991." | ||
| 586 | _a"Lista de Honor Premio CCEI, 1993" | ||
| 700 | 1 |
_aCañas Cortázar, Alicia, _d1947- |
|
| 830 | 0 |
_aAlta mar. Misterio ; _v51 |
|
| 942 |
_2ddc _cBK |
||
| 945 | _ainventariado, 2018 / dg | ||
| 956 |
_2LOPEREZ _310 _6201601020 _8BPMSU _a00041 |
||
| 999 |
_c11620 _d11620 |
||